La Cuestión beliceña

Gardado en:
Detalles Bibliográficos
Formato: Texto
Materias:
Etiquetas: Engadir etiqueta
Sen Etiquetas, Sexa o primeiro en etiquetar este rexistro!

MARC

LEADER 00000 a a2200000 04500
001 42080
003
040
245 |a La Cuestión beliceña  
650 |a DIPLOMACIA  
650 |a ACTIVIDAD MILITAR  
650 |a IDEPENDENCIA  
650 |a BELICE  
650 |a GUATEMALA  
773 |g número17 (1977)  
999 |c 24953  |d 24953 
773 0 |0 42391  |9 3926  |a Agencia Latinoamericana de Información, ALAI  |d Quito, Ecuador: ALAI  |o 04235  |t ALAI:  |x 08275564 (Servicio mensual de información y documentación)